[Event "BUL-ch"]
[Site "Plovdiv"]
[Date "1999.05.14"]
[Round "3"]
[White "Chatalbashev, Boris"]
[Black "Drenchev, Petar"]
[Result "1/2-1/2"]
[WhiteElo "2524"]
[BlackElo "2371"]

1.d4 d5 2.c4 dxc4 3.Nf3 Nf6 4.e3 e6 5.Bxc4 c5 6.O-O cxd4 7.exd4 a6 8.Qe2 Be7
9.Nc3 b5 10.Bb3 Nc6 11.Rd1 Na5 12.Bg5 Nxb3 13.axb3 O-O 14.d5 exd5 15.Nxb5 Bb7
16.Nbd4 Re8 17.Nf5 Bc5 18.Qd3 Qb6 19.Be3 Bxe3 20.Nxe3 Ne4 21.Nd4 g6 22.Rac1 Rac8
23.Rxc8 Rxc8 24.Ng4 h5 25.Ne5 Re8 26.Nef3 Rc8 27.Qe3 Qc5 28.h4 Rc7 29.Qf4 Qd6
30.Qh6 Qf8 31.Qe3 Qc5 32.Re1 Kg7 33.Ng5 Qd6 34.f3 Nxg5 35.hxg5 Bc8 36.Kf2 f6
37.gxf6+ Qxf6 38.Qe5 Qxe5 39.Rxe5 Rc1 40.Rxd5 Rb1 41.Rc5 Rxb2+ 42.Ke3 Bf5
43.g3 Bh3 44.Kf4 Rd2 45.Rd5 Kf7 46.Rd6 Ra2 47.Kg5 Ra5+ 48.Kh4 Bf1 49.f4 Bg2
50.Rb6 Bd5 51.Rd6 Be4 52.Re6 Bd3 53.Re3 Bb1 54.Nc6 Rd5 55.Re7+ Kf6 56.Re1 Bf5
57.Ne7 Rd2 58.Ng8+ Kf7 59.Nh6+ Kf6 60.g4 hxg4 61.Nxg4+ Bxg4 62.Kxg4 Rd3 63.b4 Rd4
64.Ra1 Rxb4 65.Rxa6+ Kf7  1/2-1/2

[Event "Capablanca mem Elite"]
[Site "Havana"]
[Date "1999.05.19"]
[Round "11"]
[White "Nogueiras, Jesus"]
[Black "Arencibia, Walter"]
[Result "1/2-1/2"]
[WhiteElo "2540"]
[BlackElo "2520"]

1.d4 d5 2.c4 dxc4 3.Nf3 e6 4.e3 Nf6 5.Bxc4 c5 6.O-O a6 7.dxc5 Qxd1 8.Rxd1 Bxc5
9.a3 b5 10.Be2 Bb7 11.b4  1/2-1/2

[Event "Capablanca mem Premier I"]
[Site "Havana"]
[Date "1999.05.19"]
[Round "11"]
[White "Roeder, Mathias"]
[Black "Vilela, Jose Luis"]
[Result "0-1"]
[WhiteElo "2448"]
[BlackElo "2396"]

1.d4 d5 2.c4 dxc4 3.e3 Nf6 4.Bxc4 e6 5.Nf3 c5 6.O-O a6 7.Bb3 b5 8.a4 b4 9.Nbd2 Bb7
10.e4 cxd4 11.e5 Nfd7 12.Nc4 Nc5 13.a5 Nc6 14.Bg5 f6 15.exf6 gxf6 16.Nfe5 h5
17.Ba4 Rc8 18.Nb6 Bd6 19.Rc1 Nxa4 20.Nxc6 Rxc6 21.Qxa4 Qc7 22.Bd2 Kf7 23.h3 Rg8
24.f3 Bh2+ 25.Kh1 Qg3 26.Rg1 Bxg1 27.Rxg1 Rc7 28.Be1 Qf4 29.Qxb4 Bxf3  0-1

[Event "BUL-ch"]
[Site "Plovdiv"]
[Date "1999.05.24"]
[Round "13"]
[White "Genov, Petar"]
[Black "Drenchev, Petar"]
[Result "1/2-1/2"]
[WhiteElo "2410"]
[BlackElo "2371"]

1.Nf3 Nf6 2.d4 d5 3.c4 dxc4 4.e3 e6 5.Bxc4 c5 6.O-O a6 7.dxc5 Qxd1 8.Rxd1 Bxc5
9.a3 O-O 10.b4 Be7 11.Bb2 b5 12.Be2 Bb7  1/2-1/2

[Event "CRO-Cup"]
[Site "Pula"]
[Date "1999.05.25"]
[Round "2"]
[White "Tkachiev, Vladislav"]
[Black "Stevic, Hrvoje"]
[Result "1-0"]
[WhiteElo "2634"]
[BlackElo "2465"]

1.d4 d5 2.c4 dxc4 3.e3 Nf6 4.Bxc4 e6 5.Nf3 c5 6.O-O a6 7.Bb3 Nc6 8.Nc3 Be7
9.dxc5 Qxd1 10.Rxd1 Bxc5 11.Bd2 Na5 12.Ba4+ b5 13.Nxb5 axb5 14.Bxb5+ Ke7
15.b4 Rb8 16.bxc5 Rxb5 17.Nd4 Rb2 18.Bxa5 Re8 19.Bc3 Rb7 20.c6 Rb6 21.Ba5 Rb2
22.Rab1 Rxb1 23.Rxb1 Kd6 24.c7 Bd7 25.Rb8 Bc8 26.Nb5+ Kd7 27.Rb6 Nd5 28.Rd6+ Ke7
29.e4 Nxc7 30.Nxc7  1-0

[Event "CRO-Cup"]
[Site "Pula"]
[Date "1999.05.28"]
[Round "5"]
[White "Pinter, Jozsef"]
[Black "Golubovic, Boris"]
[Result "1-0"]
[WhiteElo "2581"]
[BlackElo "2450"]

1.d4 d5 2.c4 dxc4 3.Nf3 Nf6 4.e3 e6 5.Bxc4 c5 6.O-O a6 7.Bb3 Nc6 8.Nc3 cxd4
9.exd4 Be7 10.Re1 O-O 11.Bg5 Na5 12.Bc2 b5 13.Qe2 Bb7 14.Rad1 b4 15.Bxf6 Bxf6
16.Ne4 Bd5 17.Ne5 Ra7 18.b3 Be7 19.Bb1 Qb6 20.Qe3 Rc7 21.Qf4 f5 22.Nd2 Bf6
23.Nf1 Bxe5 24.dxe5 Nc6 25.Ne3 Ne7 26.Bd3 Rc3 27.Bf1 a5 28.Rd2 Rfc8 29.Qg5 Qa7
30.Nxd5 Nxd5 31.Bc4 h6 32.Qh4 R3xc4 33.bxc4 Nc3 34.Re3 Kh7 35.h3 a4 36.Kh2 Qc7
37.a3 Qxc4 38.Qxc4 Rxc4 39.axb4 Nd5 40.Ra3 Rxb4 41.f3 f4 42.Rda2 Nb6 43.Re2 g5
44.Raa2 Kg6 45.Reb2 Rxb2 46.Rxb2 Nc4 47.Rb4 Nxe5 48.Rxa4 Kf6 49.Kg1 Ng6 50.Kf1 Nh4
51.Ra2 h5 52.Ra8 Nf5 53.Rh8 Kg6 54.Kf2 Nh4 55.g3 fxg3+ 56.Kxg3 Nf5+ 57.Kf2 e5
58.Ra8 Nh4 59.Ke3 Ng2+ 60.Ke4 Nf4 61.Ra6+ Kg7 62.Kxe5 Nxh3 63.Kf5 g4 64.fxg4 hxg4
65.Rg6+ Kf7 66.Rxg4  1-0

[Event "Pula op 13th"]
[Site "Pula"]
[Date "1999.05.31"]
[Round "3"]
[White "Romanishin, Oleg M"]
[Black "Stevic, Hrvoje"]
[Result "0-1"]
[WhiteElo "2572"]
[BlackElo "2465"]

1.d4 d5 2.c4 dxc4 3.Nf3 Nf6 4.e3 e6 5.Bxc4 c5 6.O-O a6 7.Bb3 Nc6 8.Nc3 cxd4
9.exd4 Be7 10.Bf4 O-O 11.Rc1 Na5 12.Bc2 b6 13.Qd3 Bb7 14.Rfd1 Rc8 15.Ne5 g6
16.Bh6 Re8 17.Qg3 Nh5 18.Qe3 Rc7 19.Be4 Qa8 20.Bxb7 Qxb7 21.d5 Bd6 22.dxe6 Rxe6
23.Qf3 Qxf3 24.Nxf3 f6 25.g4 Ng7 26.Nd5 Rxc1 27.Rxc1 Ne8 28.Rc8 Kf7 29.g5 f5
30.b4 Nb7 31.Ra8 Re4 32.Ra7 Ke6 33.Nxb6 Nd8 34.a3 Nc7 35.Na8 Nd5 36.Rxa6 Rf4
37.Kg2 Rg4+ 38.Kf1 Rf4 39.Kg2 Nf7 40.h3 Rc4 41.Nd2 Rc2 42.Nb3 Nf4+ 43.Kf1 Rb2
44.Nc5+ Kd5 45.Nb6+ Kd4 46.Ke1 Nxh6 47.gxh6 Bxc5 48.bxc5 Kd3 49.f3 Nxh3 50.Kf1 Rf2+
51.Ke1 Rg2  0-1

[Event "Rowy op"]
[Site "Rowy"]
[Date "1999.06.02"]
[Round "3"]
[White "Tregubov, Pavel V"]
[Black "Brynell, Stellan"]
[Result "1-0"]
[WhiteElo "2570"]
[BlackElo "2489"]

1.d4 d5 2.c4 dxc4 3.e3 Nf6 4.Bxc4 e6 5.Nf3 c5 6.O-O a6 7.Bb3 b5 8.a4 b4 9.Nbd2 Bb7
10.e4 cxd4 11.e5 Nfd7 12.Nc4 Nc6 13.Bg5 Qc7 14.Rc1 Nc5 15.Ba2 Ne4 16.Bh4 g5
17.Bb1 d3 18.Bxd3 Rd8 19.Bxg5 Nxg5 20.Nxg5 Nxe5 21.Qh5 Ng6 22.Nxe6 Qc6 23.Be4 Qxe4
24.Nc7+ Kd7 25.Nb6+ Ke7 26.Rfe1 Qxe1+ 27.Rxe1+ Kd6 28.Nxa6 Bxa6 29.Qd5+ Kc7
30.Rc1+ Kxb6 31.a5+  1-0

[Event "Pula op 13th"]
[Site "Pula"]
[Date "1999.06.05"]
[Round "7"]
[White "Kozul, Zdenko"]
[Black "Stevic, Hrvoje"]
[Result "1/2-1/2"]
[WhiteElo "2585"]
[BlackElo "2465"]

1.d4 d5 2.c4 dxc4 3.Nf3 Nf6 4.e3 e6 5.Bxc4 c5 6.O-O a6 7.Bb3 Nc6 8.Nc3 cxd4
9.exd4 Be7 10.Bf4 Na5 11.Re1 O-O 12.Bc2 b5 13.a4 b4 14.Ne4 Bb7 15.Rc1 Rc8
16.Nc5 Bxf3 17.Qxf3 Qxd4 18.Be5 Qxc5 19.Bxh7+ Kxh7 20.Rxc5 Rxc5 21.Qd3+ Kg8
22.Qxa6 Rd8 23.Bxf6 Bxf6 24.Qb6 Rf5 25.g4 Rg5 26.Re4 b3 27.Kg2 Rgd5 28.Re2 Bxb2
29.Rxb2 Nc4 30.Qxb3 Nxb2 31.Qxb2 Ra8 32.Qc3 Rda5 33.h4 Rxa4 34.f3 Ra3 35.Qc6 R3a6
36.Qb7 Ra3 37.h5 Rd8 38.Qe7 Ra2+ 39.Kg3 Rad2 40.Kh4 R2d7 41.Qb4 Rd4 42.Qe7 R4d7
43.Qb4 Rd4  1/2-1/2

[Event "Salongernas Elo"]
[Site "Stockholm"]
[Date "1999.06.06"]
[Round "2"]
[White "Andersson, Mats"]
[Black "Hjelm, Niclas"]
[Result "1/2-1/2"]
[WhiteElo "2313"]
[BlackElo "2306"]

1.d4 d5 2.c4 dxc4 3.e3 Nf6 4.Bxc4 e6 5.Nf3 c5 6.O-O Nc6 7.Nc3 cxd4 8.exd4 Be7
9.Re1 O-O 10.Bg5 Na5 11.Bd3 b6 12.a3 Bb7 13.b4 Rc8 14.Nb5 Nc6 15.Rc1 Nd5
16.Qd2 Bxg5 17.Nxg5 h6 18.Nf3 a6 19.Nc3 Nxc3 20.Rxc3 Ne7 21.Rxc8 Qxc8 22.Rc1 Qa8
23.Ne1 Rc8 24.f3 Rxc1 25.Qxc1  1/2-1/2

[Event "Hotel Irottko GM"]
[Site "Koszeg"]
[Date "1999.06.23"]
[Round "1"]
[White "Ruck, Robert"]
[Black "Zontakh, Andrey"]
[Result "0-1"]
[WhiteElo "2492"]
[BlackElo "2530"]

1.d4 d5 2.c4 dxc4 3.Nf3 Nf6 4.e3 e6 5.Bxc4 c5 6.O-O a6 7.Bd3 Nbd7 8.Re1 b5
9.a4 bxa4 10.e4 cxd4 11.e5 Nd5 12.Rxa4 Bb4 13.Bd2 Bxd2 14.Nbxd2 Nc5 15.Bb5+ Bd7
16.Bxd7+ Qxd7 17.Rxd4 Qb5 18.Nc4 O-O 19.Qb1 h6 20.Nd6 Qb6 21.Nc4 Qb3 22.Qd1 Rab8
23.Qe2 Rfd8 24.h3 Nb4 25.Ra1 Nc2 26.Rxd8+ Rxd8 27.Rc1 Nb4 28.Ne1 Na4 29.Qf3 Qxf3
30.Nxf3 Rc8 31.Ra1 Nc5 32.Nfd2 Rd8 33.Kf1 g5 34.g3 Rd5 35.Ra5 Nc6 36.Ra3 Nxe5
37.b4 Ncd3 38.Nxe5 Nxe5 39.Ne4 Rd4 40.Nc5 Rxb4 41.Nxa6 Rc4 42.Rb3 Kg7 43.Nb4 Rc1+
44.Kg2 Rd1 45.Re3 Kf6 46.Na2 Nc4 47.Re4 Nd6 48.Re2 Rd4 49.Nc1 Ke7 50.Nb3 Rc4
51.Ra2 f5 52.Nd2 Rb4 53.Ra6 Rd4 54.Nb3 Rd5 55.Rc6 Ne4 56.Rc7+ Kf6 57.Rc6 h5
58.Rc2 Rb5 59.Nd2 Nd6 60.Rc6 Rd5 61.Nb3 Ne4 62.Rc2 Ke7 63.Rc7+ Kd6 64.Rc8 Rb5
65.Nd2 Nf6 66.Ra8 Rc5 67.Ra6+ Ke7 68.Nf3 Ne4 69.Nd4 Nd6 70.Ra7+ Kf6 71.Rh7 Nf7
72.Rxh5 e5 73.Ne2 Rc2 74.Kf1 e4 75.g4 f4 76.f3 Ke5 77.Rh7 exf3 78.Ng1 f2
79.Ne2 Kf6 80.Kxf2 Kg6 81.Rh5 Ne5 82.Kf1 f3 83.Nd4 Rd2 84.Nb3 Rb2  0-1

[Event "Ljubljana op 10th"]
[Site "Ljubljana"]
[Date "1999.06.27"]
[Round "3"]
[White "Volzhin, Alexander"]
[Black "Gruskovnjak, Tomislav"]
[Result "1-0"]
[WhiteElo "2548"]
[BlackElo "2222"]

1.d4 d5 2.c4 dxc4 3.e3 Nf6 4.Bxc4 e6 5.Nf3 c5 6.Qe2 Nc6 7.O-O a6 8.Rd1 b5
9.dxc5 Qc7 10.Bb3 Bxc5 11.a4 b4 12.Nbd2 O-O 13.Nc4 e5 14.h3 Bb7 15.e4 Nd4
16.Nxd4 Bxd4 17.Be3 Bxe3 18.Qxe3 Nxe4 19.Rac1 Qc5 20.f3 Qxe3+ 21.Nxe3 Nf6
22.Rc7 Rab8 23.Nf5 Ba8 24.Kf2 e4 25.f4 e3+ 26.Nxe3 g6 27.Ng4 Nxg4+ 28.hxg4 Rb7
29.Rdd7 Rxc7 30.Rxc7 g5 31.g3 gxf4 32.gxf4 Rd8 33.Bxf7+ Kf8 34.Bc4 Be4 35.Bxa6 Rd6
36.Bc4 Bc2 37.a5 Rd4 38.Ke3 Re4+ 39.Kf3 Re1 40.a6 Be4+ 41.Kf2 Rb1 42.Ke3 Bg2
43.f5  1-0

[Event "Hotel Irottko GM"]
[Site "Koszeg"]
[Date "1999.06.28"]
[Round "6"]
[White "Estrada Nieto, Julian"]
[Black "Kustar, Sandor"]
[Result "1/2-1/2"]
[WhiteElo "2370"]
[BlackElo "2434"]

1.d4 d5 2.c4 dxc4 3.Nf3 Nf6 4.e3 e6 5.Bxc4 c5 6.O-O a6 7.a4 Nc6 8.Nc3 Qc7
9.Qe2 Bd6 10.d5 exd5 11.Nxd5 Nxd5 12.Bxd5 Bg4 13.h3 Bh5  1/2-1/2

[Event "Andorra la Vella op"]
[Site "Andorra la Vella"]
[Date "1999.07.03"]
[Round "8"]
[White "Del Rey, Diego"]
[Black "Magem Badals, Jorge"]
[Result "1/2-1/2"]
[WhiteElo "2371"]
[BlackElo "2557"]

1.d4 d5 2.c4 dxc4 3.Nf3 Nf6 4.e3 e6 5.Bxc4 c5 6.O-O Nc6 7.a3 a6 8.dxc5 Bxc5
9.Qxd8+ Kxd8 10.b4 Bd6 11.Bb2 Ke7 12.Nbd2 Rd8 13.Rac1 Bd7 14.Be2 Rac8 15.Nb3  1/2-1/2

[Event "Haarlem AKN op 8th"]
[Site "Haarlem"]
[Date "1999.07.03"]
[Round "3"]
[White "Breedveld, Andre"]
[Black "Overeem, Marc"]
[Result "0-1"]
[WhiteElo "2145"]
[BlackElo "2187"]

1.d4 d5 2.c4 dxc4 3.e3 Nf6 4.Bxc4 e6 5.Nf3 c5 6.Nc3 a6 7.Bb3 Nc6 8.O-O cxd4
9.exd4 Be7 10.a3 O-O 11.Bc2 b5 12.Qd3 Bb7 13.Rd1 Rc8 14.Ne5 Na5 15.Qh3 Nc4
16.Bb3 Nd5 17.Nxc4 bxc4 18.Bc2 f5 19.Nxd5 Qxd5 20.b3 c3 21.f3 Bf6 22.Be3 g6
23.Qg3 Rf7 24.Rd3 g5 25.Qe1 g4 26.Bf4 gxf3 27.Rxc3 Rxc3 28.Qxc3 fxg2 29.Bd3 Qf3
30.Re1 Bd5 31.Qc8+ Rf8 32.Qxa6 Ra8 33.Qd6 Bxd4+  0-1

[Event "EUCup99 (Women)"]
[Site "Nova Gorica"]
[Date "1999.07.03"]
[Round "5"]
[White "Macek, Vlasta"]
[Black "Grabuzova, Tatiana"]
[Result "1/2-1/2"]
[WhiteElo "2199"]
[BlackElo "2281"]

1.d4 d5 2.c4 dxc4 3.Nf3 Nf6 4.e3 e6 5.Bxc4 c5 6.O-O Nc6 7.dxc5 Qxd1 8.Rxd1 Bxc5
9.a3 a6 10.b4 Be7 11.Bb2 b6 12.Nbd2 Bb7 13.Nb3 O-O 14.Be2 Rfd8 15.Rxd8+ Rxd8
16.Rd1 Nd5 17.Ne5 Nxe5 18.Bxe5 Rc8 19.Kf1 Bf6 20.Bxf6 gxf6 21.Rc1  1/2-1/2

[Event "EUCup99 (Women)"]
[Site "Nova Gorica"]
[Date "1999.07.03"]
[Round "5"]
[White "Zayac, Elena"]
[Black "Medic, Mirjana"]
[Result "1-0"]
[WhiteElo "2293"]
[BlackElo "2327"]

1.d4 d5 2.c4 dxc4 3.Nf3 Nf6 4.e3 e6 5.Bxc4 c5 6.O-O a6 7.dxc5 Qxd1 8.Rxd1 Bxc5
9.Nbd2 Nc6 10.a3 Ke7 11.b4 Bd6 12.Bb2 Rd8 13.Be2 b5 14.Rac1 Bb7 15.Nb3 Rac8
16.Nc5 Bxc5 17.Rxc5 Rxd1+ 18.Bxd1 h6 19.Nd4 Nxd4 20.Bxd4 Ne8 21.Bf3 Rb8 22.Bxb7 Rxb7
23.Rc6 Kd7 24.Rxa6 Nc7 25.Ra5 f6 26.f4 Kc6 27.e4 Ne8 28.Ra6+ Kd7 29.Bc5 f5
30.exf5 exf5 31.Kf2 Nf6 32.Bd4 Ne4+ 33.Ke3 Ke8 34.g4 Re7 35.Be5 Nf6 36.gxf5 Ng4+
37.Ke4 Nxh2 38.f6 gxf6 39.Rxf6 Ng4 40.Rb6 Ra7 41.Kf5 Ne3+ 42.Kg6 Nc4 43.Rxb5 Rxa3
44.Kxh6 Kf7 45.Kg5 Rb3 46.Kf5 Ne3+ 47.Ke4 Nc2 48.Rb7+ Ke8 49.Bd6 Re3+ 50.Kd5 Rd3+
51.Ke5 Nd4 52.b5 Rd1 53.Bc5 Nb3 54.Bb4 Rd4 55.Bd6 Rd1 56.b6 Na5 57.Rc7 Rb1
58.Ke6  1-0

[Event "Andorra la Vella op"]
[Site "Andorra la Vella"]
[Date "1999.07.04"]
[Round "9"]
[White "Psakhis, Lev"]
[Black "Narciso Dublan, Marc"]
[Result "1/2-1/2"]
[WhiteElo "2564"]
[BlackElo "2469"]

1.d4 d5 2.c4 dxc4 3.Nf3 Nf6 4.e3 e6 5.Bxc4 c5 6.O-O Nc6 7.Nc3 Be7 8.dxc5 Qxd1
9.Rxd1 Bxc5 10.b3 Bd7 11.Bb2 Rd8 12.Ng5 O-O 13.Nce4 Nxe4 14.Nxe4 Be7 15.Nd6 Na5
16.Be2 Bc6 17.Nb5 a6 18.Nd4 Bd5 19.Rac1 Nc6 20.Nxc6  1/2-1/2

[Event "Komercni Banka op"]
[Site "Pardubice"]
[Date "1999.07.17"]
[Round "2"]
[White "Ovsejevitsch, Sergei"]
[Black "Dolinskij, Boris"]
[Result "1/2-1/2"]
[WhiteElo "2515"]
[BlackElo "2359"]

1.d4 d5 2.c4 e6 3.Nf3 dxc4 4.e3 Nf6 5.Bxc4 c5 6.O-O a6 7.Bd3 b5 8.a4 b4 9.Nbd2 Bb7
10.Qe2 Nbd7 11.Nc4 Be7 12.Rd1 Qb8 13.Na5 Be4 14.Bxe4 Nxe4 15.Qc2 Nef6 16.e4 Qc7
17.Nc4 cxd4 18.e5 Nd5 19.Rxd4 Rc8 20.Qe2 Nc5 21.Rxd5 exd5 22.Nd6+ Kd7 23.Nxc8 Rxc8
24.Be3 Qb7 25.Nd4 Ne6 26.Rd1 g6 27.Qf3 Ke8 28.Qh3 Nxd4 29.Bxd4 h5 30.e6 Qc6
31.exf7+ Kxf7 32.g4 h4 33.Qf3+ Kg8 34.Qe3 Bf6 35.Bxf6 Qxf6 36.Rxd5 h3 37.Qxh3 Qxb2
38.Kg2 Qe2 39.Qd3 Qxd3 40.Rxd3 Rb8 41.Kf3 b3 42.Rd1 Kf7 43.h3 Kf6 44.h4 Ke5
45.Ke3 Rb4 46.Rb1  1/2-1/2

[Event "S&W Young Masters 9th"]
[Site "Witley"]
[Date "1999.07.18"]
[Round "2"]
[White "Pert, Richard G"]
[Black "Zalkind, Karmi"]
[Result "1/2-1/2"]
[WhiteElo "2308"]
[BlackElo "2216"]

1.d4 d5 2.c4 dxc4 3.e3 Nf6 4.Nf3 e6 5.Bxc4 c5 6.Qe2 cxd4 7.exd4 Nc6 8.O-O Be7
9.Rd1 O-O 10.Nc3 Nb4 11.Ne5 a6 12.Bb3 Nfd5 13.a3 Nxc3 14.bxc3 Nd5 15.Bb2 f6
16.Nd3 b5  1/2-1/2

[Event "Biel MTO"]
[Site "Biel"]
[Date "1999.07.20"]
[Round "10"]
[White "Sashikiran, Krishnan"]
[Black "Jurek, Josef"]
[Result "1-0"]
[WhiteElo "2536"]
[BlackElo "2336"]

1.d4 d5 2.c4 dxc4 3.Nf3 Nf6 4.e3 e6 5.Bxc4 c5 6.O-O Nc6 7.Qe2 cxd4 8.Rd1 Be7
9.exd4 O-O 10.Nc3 Na5 11.Bd3 b6 12.Bg5 Bb7 13.Rac1 Rc8 14.Ne5 Nd5 15.Bxe7 Qxe7
16.Nxd5 Bxd5 17.Rc3 f5 18.Ba6 Rxc3 19.bxc3 Rd8 20.Bd3 Qg5 21.g3 Qf6 22.c4 Bb7
23.Qe3 Nc6 24.Nxc6 Bxc6 25.Bf1 h6 26.d5 exd5 27.cxd5 Kh7 28.Qb3 Be8 29.Bg2 a5
30.Qc4 Qe5 31.Bf3 b5 32.Qc5 a4 33.Kg2 Qd6 34.Qc2 b4 35.Qxf5+ Bg6 36.Qg4 Kh8
37.Qc4 Bf5 38.Rd2 Rc8 39.Qb5 Bd7 40.Qd3 Rc3 41.Qd4 Bh3+ 42.Kxh3 Rxf3 43.Rb2 Rf5
44.Rxb4 Rxd5 45.Qe4 a3 46.Ra4 Kg8 47.Kg2 Kf7 48.Qf3+ Kg6 49.Qxa3  1-0

[Event "Biel MTO"]
[Site "Biel"]
[Date "1999.07.26"]
[Round "7"]
[White "Joksic, Sinisa"]
[Black "Gheorghiu, Florin"]
[Result "1/2-1/2"]
[WhiteElo "2288"]
[BlackElo "2450"]

1.d4 Nf6 2.Nf3 d5 3.c4 dxc4 4.e3 e6 5.Bxc4 c5 6.O-O a6 7.dxc5 Qxd1 8.Rxd1 Bxc5
9.a4 b6 10.b3 Bb7 11.Bb2 Nbd7  1/2-1/2

[Event "Korinthos op 3rd"]
[Site "Korinthos"]
[Date "1999.07.26"]
[Round "3"]
[White "Nenashev, Alexander"]
[Black "Lekic, Dusan"]
[Result "1-0"]
[WhiteElo "2584"]
[BlackElo "2381"]

1.d4 d5 2.c4 dxc4 3.Nf3 Nf6 4.e3 e6 5.Bxc4 c5 6.Qe2 a6 7.dxc5 Bxc5 8.O-O b5
9.Bd3 Nc6 10.Rd1 Qc7 11.a3 O-O 12.b4 Bd6 13.Bb2 Ne5 14.Nxe5 Bxe5 15.Bxe5 Qxe5
16.Nd2 Bb7 17.e4 Rfd8 18.Nb3 h5 19.f3 h4 20.Rac1 Rac8 21.Nc5 Ba8 22.Qf2 Qg5
23.Bf1 Nh5 24.Rxd8+ Rxd8 25.Nd3 Rxd3 26.Rc5 Rd5 27.exd5 Bxd5 28.Qd4 Nf4 29.Kf2 Qf5
30.Rc8+ Kh7 31.Rc3 e5 32.Qd2 Qg5 33.Qe3 Bc4 34.Rxc4 bxc4 35.g3 f5 36.gxf4 exf4
37.Qc5  1-0

[Event "Biel MTO"]
[Site "Biel"]
[Date "1999.07.27"]
[Round "8"]
[White "Ermeni, Avni"]
[Black "Balduan, Markus"]
[Result "1-0"]
[WhiteElo "2275"]
[BlackElo "2355"]

1.d4 d5 2.Nf3 Nf6 3.c4 dxc4 4.e3 e6 5.Bxc4 c5 6.O-O a6 7.a4 Nc6 8.Nc3 Be7
9.h3 O-O 10.Ne5 Qc7 11.Nxc6 Qxc6 12.d5 exd5 13.Nxd5 Nxd5 14.Bxd5 Qc7 15.e4 Bf6
16.Ra3 Bd7 17.Rf3 Be5 18.Qc2 Be6 19.Bxe6 fxe6 20.Rxf8+ Rxf8 21.Be3 c4 22.f4 Bd6
23.e5 Bc5 24.Qf2 Bxe3 25.Qxe3 Qa5 26.Qe4 Qb4 27.f5 Qb6+ 28.Kh2 Qxb2 29.Rb1 Qa2
30.f6 Rf7 31.Rxb7 Rxb7 32.Qxb7  1-0

[Event "Dutch Open"]
[Site "Dieren"]
[Date "1999.07.27"]
[Round "8"]
[White "Mikhalevski, Victor"]
[Black "Van den Doel, Erik"]
[Result "0-1"]
[WhiteElo "2516"]
[BlackElo "2528"]

1.d4 d5 2.c4 dxc4 3.Nf3 e6 4.e3 Nf6 5.Bxc4 c5 6.O-O a6 7.Bb3 b5 8.a4 b4 9.e4 Nxe4
10.d5 Be7 11.Bf4 Bb7 12.dxe6 fxe6 13.Qe2 O-O 14.Bg3 Bd5 15.Bxd5 exd5 16.Nbd2 Nxd2
17.Qxd2 Nc6 18.Rad1 Bf6 19.Qxd5+ Qxd5 20.Rxd5 Bxb2 21.Rxc5 Nd4 22.Nxd4 Bxd4
23.Rd5 Rfd8 24.Rxd8+ Rxd8 25.Rb1 Bc3 26.f3 Kf7 27.Be1 Bxe1 28.Rxe1 Rd2 29.Re3 Ra2
30.Rd3 Ke6 31.Rd8 b3  0-1

[Event "Aceimar op 6th"]
[Site "Mondariz Balneario"]
[Date "1999.07.31"]
[Round "5"]
[White "Dias, Paulo"]
[Black "Sales Montealegre, Raquel"]
[Result "0-1"]
[WhiteElo "2207"]
[BlackElo "2120"]

1.d4 d5 2.c4 dxc4 3.e3 Nf6 4.Nf3 e6 5.Bxc4 c5 6.O-O a6 7.Qe2 Nbd7 8.Rd1 Qc7
9.Nc3 b5 10.Bd3 Bb7 11.h3 Bd6 12.dxc5 Bxc5 13.e4 O-O 14.Bg5 h6 15.Bd2 Nh5
16.Rac1 Nf4 17.Bxf4 Qxf4 18.Nxb5 axb5 19.Bxb5 Rac8 20.Ne1 Ne5 21.Rc3 Bb4
22.Re3 Rfd8 23.Nd3 Nxd3 24.Bxd3 Rd4 25.Qh5 Rc5 26.e5 g6 27.Qe2 Rcd5 28.a3 Bc5
29.Rf1 Rxd3 30.Rxd3 Ba6 31.Rf3 Bxe2 32.Rxf4 Bxf1 33.Kxf1 Rxe5 34.b4 Bd6 35.Rc4 Kf8
36.a4 Rd5 37.Ke2 e5 38.b5 Rd4 39.Rc8+ Ke7 40.a5 Ra4 41.a6 Ra5 42.Kd3 Kd7
43.Rg8 Bc5 44.Kc4 Bxf2 45.Rf8 Ke7 46.Rc8 e4 47.Rc6 e3 48.Rc5 f6 49.b6 Rxc5+
50.Kd3 Rc3+ 51.Ke2 Rc2+ 52.Kf3 Bg1 53.b7 e2  0-1

[Event "Lost Boys op"]
[Site "Antwerp"]
[Date "1999.08.01"]
[Round "3"]
[White "Winants, Luc"]
[Black "Hjelm, Niclas"]
[Result "1-0"]
[WhiteElo "2514"]
[BlackElo "2306"]

1.d4 d5 2.c4 dxc4 3.e3 Nf6 4.Bxc4 e6 5.Nf3 c5 6.O-O a6 7.Bb3 Nc6 8.Nc3 cxd4
9.exd4 Be7 10.Re1 O-O 11.a3 b5 12.d5 Nxd5 13.Nxd5 exd5 14.Bxd5 Bb7 15.Bf4 Bf6
16.Rc1 Na5 17.Bxb7 Nxb7 18.b4 Qxd1 19.Rexd1 Rfc8 20.Be5 Bxe5 21.Nxe5 f6 22.Nc6 Rc7
23.f3 Re8 24.Kf2 g6 25.g4 Re6 26.Nd4 Ree7 27.Ne2 Kf7 28.Nf4 a5 29.Nd5 Rxc1
30.Rxc1 Rd7 31.Nb6 Re7 32.Rc6 axb4 33.axb4 Re6 34.Rc7+ Re7 35.Rc8 Re8 36.Rc2 Re7
37.h4 Re6 38.Nd5 Nd6 39.Rc7+ Kg8 40.g5 fxg5 41.hxg5 Nf7 42.f4 h6 43.gxh6 Nxh6
44.Rb7 Nf5 45.Rxb5 Re2+ 46.Kxe2 Nd4+ 47.Kd3 Nxb5 48.Kc4 Na3+ 49.Kc5 Kf7 50.Ne3 Kf6
51.Nc4 Nc2 52.b5 Ke7 53.b6 Kd8 54.Ne5  1-0

[Event "BCF-ch 86th"]
[Site "Scarborough"]
[Date "1999.08.01"]
[Round "1"]
[White "Sundar Rajan, Kidambi"]
[Black "Player, Edmund C"]
[Result "1-0"]
[WhiteElo "2334"]
[BlackElo "2105"]

1.d4 d5 2.c4 dxc4 3.Nf3 Nf6 4.e3 e6 5.Bxc4 c5 6.O-O Be7 7.Qe2 a6 8.dxc5 Bxc5
9.e4 b5 10.Bd3 Nbd7 11.a4 b4 12.Nbd2 Be7 13.Nb3 Nc5 14.Nxc5 Bxc5 15.Bg5 Qb6
16.a5 Qa7 17.Rac1 Nd7 18.Nd2 Ne5 19.Nb3 Bd6 20.Rfd1 f6 21.Be3 Qe7 22.f4 Nf7
23.Nd4 O-O 24.Nc6 Qb7 25.e5 fxe5 26.Qh5 g6 27.Bxg6 hxg6 28.Qxg6+ Kh8 29.fxe5 Nxe5
30.Bd4 Rf5 31.Nxe5 Bxe5 32.Bxe5+ Rxe5 33.Rd8+  1-0

[Event "MK Cafe Cup-B"]
[Site "Koszalin"]
[Date "1999.08.03"]
[Round "1"]
[White "Kazhgaleyev, Murtas"]
[Black "Muhtarov, Leonid"]
[Result "1-0"]
[WhiteElo "2531"]
[BlackElo "2200"]

1.d4 d5 2.c4 dxc4 3.e3 e6 4.Bxc4 Nf6 5.Nf3 c5 6.O-O a6 7.Bb3 Nc6 8.Nc3 Be7
9.dxc5 Qxd1 10.Rxd1 Bxc5 11.Bd2 Ke7 12.Rac1 Ba7 13.e4 Ng4 14.Be1 Bd7 15.Na4 Rac8
16.Nc5 Nd4 17.Bb4 Ne2+ 18.Kf1 Nxc1 19.Nxd7+ Ke8 20.Nb6 Bxb6 21.Ba4+ Rc6 22.Rxc1 Kd7
23.h3 Nxf2 24.Ne5+ Kc7 25.Nxc6 bxc6 26.Rxc6+ Kb7 27.Rxb6+ Kxb6 28.Kxf2 Rd8
29.Bc3 f6 30.Ke3 Kc5 31.Bc2 Rd7 32.Bd3 Kb6 33.Bd4+ Kb7 34.b4 Rc7 35.Bc5 e5
36.Bc4 Rd7 37.Bd5+  1-0

[Event "MK Cafe Cup-A"]
[Site "Koszalin"]
[Date "1999.08.03"]
[Round "1"]
[White "Khenkin, Igor"]
[Black "Gyimesi, Zoltan"]
[Result "1-0"]
[WhiteElo "2633"]
[BlackElo "2531"]

1.d4 Nf6 2.c4 e6 3.Nf3 d5 4.e3 dxc4 5.Bxc4 c5 6.O-O a6 7.Bb3 Nc6 8.Qe2 cxd4
9.Rd1 Be7 10.Nc3 b5 11.exd4 Na5 12.d5 Nxb3 13.dxe6 Nxa1 14.exf7+ Kxf7 15.Ne5+ Kg8
16.Rxd8+ Bxd8 17.Bf4 Bf5 18.g4 Be6 19.g5 Ne8 20.Qe4 Rc8 21.Ng6 Bf7 22.Nxh8 Rc4
23.Qf5 Bh5 24.Ne4 Nc2 25.Nd6 Rd4 26.Qe6+ Kxh8 27.Nf7+ Kg8  1-0

[Event "Lost Boys op"]
[Site "Antwerp"]
[Date "1999.08.08"]
[Round "9"]
[White "Barsov, Alexei"]
[Black "Van den Doel, Erik"]
[Result "1/2-1/2"]
[WhiteElo "2539"]
[BlackElo "2528"]

1.d4 d5 2.c4 dxc4 3.e3 Nf6 4.Bxc4 e6 5.Nf3 c5 6.O-O a6 7.Bd3 Nbd7 8.Re1 b5
9.a4 bxa4 10.e4 cxd4 11.e5 Nd5 12.Rxa4 Bb4 13.Bd2 Bxd2 14.Nbxd2 Nc5  1/2-1/2

[Event "Budapest FS08 GM"]
[Site "Budapest"]
[Date "1999.08.08"]
[Round "2"]
[White "Hoang Th Trang"]
[Black "Skytte, Rasmus"]
[Result "0-1"]
[WhiteElo "2453"]
[BlackElo "2338"]

1.d4 d5 2.c4 dxc4 3.Nf3 e6 4.e3 Nf6 5.Bxc4 c5 6.O-O cxd4 7.exd4 Nc6 8.Nc3 Be7
9.a3 O-O 10.Re1 b6 11.Bg5 Bb7 12.h3 Rc8 13.Qd3 Nd5 14.Bd2 Nxc3 15.Bxc3 Bf6
16.Rad1 Ne7 17.Ne5 Bd5 18.Ba6 Rc7 19.Bb4 Re8 20.Rc1 Rxc1 21.Rxc1 Bxe5 22.dxe5 Nc6
23.Bd2 Nxe5 24.Qg3 f6 25.Bh6 Qe7 26.Bb5 Rd8 27.Bf4 Qd6 28.Qc3 Bxg2 29.Bxe5 fxe5
30.Kxg2 Qd5+ 31.Qf3 Qxb5 32.Rc7 Qd5 33.Rxa7 Qxf3+ 34.Kxf3 Rd3+ 35.Kg2 Rb3
36.Re7 Rxb2 37.Rxe6 Rb3 38.Rxe5 Rxa3 39.Rb5 Ra6 40.Kg3 Kf7 41.Kg4 Ke6 42.f4 Kd6
43.Rb1 Kc6 44.Rc1+ Kb7 45.Re1 Ra7 46.Kf5 b5 47.Ke6 Kb6 48.h4 Kc5 49.Rc1+ Kd4
50.Rb1 Kc4 51.Rc1+ Kd3 52.Rb1 Rb7 53.Kd5 b4 54.Kc6 Kc2 55.Rg1 Rf7 56.h5 b3
57.Rg5 b2 58.Rc5+ Kb1 59.f5 h6 60.Ra5 Re7  0-1

[Event "Chania op 9th"]
[Site "Chania"]
[Date "1999.08.09"]
[Round "7"]
[White "Kutirov, Rolando"]
[Black "Mamedova, Rena"]
[Result "1-0"]
[WhiteElo "2392"]
[BlackElo "2352"]

1.d4 d5 2.c4 dxc4 3.e3 Nf6 4.Bxc4 e6 5.Nf3 c5 6.O-O a6 7.b3 cxd4 8.Nxd4 Bd6
9.Bb2 Qc7 10.h3 O-O 11.Nd2 e5 12.Ne2 Rd8 13.Nc3 b5 14.Nd5 Nxd5 15.Bxd5 Ra7
16.Rc1 Qe7 17.Qf3 Nd7 18.Ne4 Bc7 19.Rfd1 Rf8 20.Ng3 Nb6 21.Nf5 Bxf5 22.Qxf5 Nxd5
23.Rxd5 g6 24.Qd7 Re8 25.Qxe7 Rxe7 26.Ba3 Re6 27.Rd7 Bb6 28.Rc8+ Kg7 29.Rxa7 Bxa7
30.Ra8 Bb6 31.Rxa6 Kf6 32.g3 Kf5 33.Bb4 h5 34.Kg2 Ke4 35.a4 bxa4 36.bxa4 Kd5
37.a5 Bc7 38.Rxe6 Kxe6 39.e4 f5 40.Kf3 f4 41.a6 Bb6 42.Ba5 Ba7 43.Bc7 fxg3
44.fxg3 Kf6 45.Ke2 g5 46.Kf3  1-0